[Event "BCF-chT4S 1920 (4NCL)"]
[Site "England"]
[Date "2020.02.08"]
[Round "5.142"]
[White "Zheng, Harry Z"]
[Black "Froom, Oliver"]
[Result "0-1"]
[WhiteElo "1823"]
[BlackElo "1926"]
[PlyCount "148"]
[EventDate "2019.11.09"]
[EventType "team-swiss"]
[EventRounds "11"]
[EventCountry "ENG"]
[SourceTitle "EXT 2022"]
[Source "ChessBase"]
[SourceDate "2021.10.06"]
[SourceVersion "1"]
[SourceVersionDate "2021.10.06"]
[SourceQuality "1"]
[WhiteTeam "Poisoned Pawns Next Generation"]
[BlackTeam "The Pitstop"]
[WhiteTeamCountry "ENG"]
[BlackTeamCountry "ENG"]

1. e4 c5 2. Nf3 d6 3. d4 cxd4 4. Nxd4 Nf6 5. Nc3 g6 6. Be3 Bg7 7. f3 0-0 8. Qd2 Nc6 9. 0-0-0 d5 10. exd5 Nxd5 11. Nxc6 bxc6 12. Bd4 e5 13. Bc5 Be6 14. Ne4 Qc7 15. Bxf8 Rxf8 16. Nc5 Bc8 17. Bc4 Qe7 18. Ne4 Be6 19. Bb3 Rb8 20. Kb1 h6 21. Qf2 Bf8 22. Rhe1 f5 23. Nd2 Bg7 24. Nc4 Qc7 25. Qg3 Bf7 26. Qf2 a5 27. a4 Rb4 28. Qc5 Bf8 29. Qxa5 Rxc4 30. Qxc7 Nxc7 31. Bxc4 Bxc4 32. Rxe5 Bd5 33. Ree1 Kf7 34. b3 Bb4 35. Re3 Bc5 36. Red3 Be7 37. Kb2 Bf6+ 38. Ka2 Na6 39. Kb1 Nc5 40. Re3 f4 41. Re2 Bc3 42. Ka2 Na6 43. Ka3 Nb4 44. a5 g5 45. Rf1 Be6 46. Re4 c5 47. Rf2 Bd5 48. Ree2 Bc6 49. Rd2 Bxd2 50. Rxd2 Ke6 51. c3 Nd5 52. Rd3 Bb7 53. c4 Ne3 54. Rd2 g4 55. Rf2 gxf3 56. gxf3 Ke5 57. Ka4 Bc6+ 58. Ka3 Kd4 59. a6 Kc3 60. a7 Nc2+ 61. Ka2 Ne3 62. Ka3 Kd3 63. Kb2 Nd1+ 64. Ka3 Nxf2 65. b4 Kxc4 66. bxc5 Nd3 67. h4 h5 68. Ka2 Bxf3 69. Ka3 Bc6 70. Ka2 f3 71. Ka3 f2 72. Ka2 f1Q 73. a8Q Qe2+ 74. Ka3 Qb2# 0-1

[Event "BCF-chT4S 1819 (4NCL)"]
[Site "England"]
[Date "2019.02.09"]
[Round "5.122"]
[White "Froom, Oliver"]
[Black "Di Vetta, Andrew"]
[Result "1-0"]
[WhiteElo "1939"]
[BlackElo "1730"]
[PlyCount "139"]
[EventDate "2018.11.17"]
[EventType "team-swiss"]
[EventRounds "11"]
[EventCountry "ENG"]
[SourceTitle "EXT 2021"]
[Source "ChessBase"]
[SourceDate "2020.10.23"]
[SourceVersion "1"]
[SourceVersionDate "2020.10.23"]
[SourceQuality "1"]
[WhiteTeam "The Pitstop"]
[BlackTeam "West is Best IV"]
[WhiteTeamCountry "ENG"]
[BlackTeamCountry "ENG"]

1. e4 c5 2. Nf3 Nc6 3. d3 g6 4. g3 Bg7 5. Bg2 d6 6. 0-0 e6 7. c3 Nf6 8. Re1 e5 9. a3 0-0 10. b4 b6 11. Nbd2 Qc7 12. Nb3 Nh5 13. Bb2 a5 14. b5 Ne7 15. a4 h6 16. Nbd2 Be6 17. d4 Rad8 18. Qe2 Rfe8 19. Nf1 f5 20. Nh4 Bf7 21. exf5 Nxf5 22. Nxf5 gxf5 23. Bc6 Rf8 24. Ne3 Bg6 25. Nd5 Qa7 26. dxe5 dxe5 27. c4 e4 28. Bxg7 Nxg7 29. Qb2 Ne6 30. Rad1 Nd4 31. Rxd4 cxd4 32. Qxd4 Qb8 33. Nf6+ Rxf6 34. Qxf6 Qd6 35. Qxd6 Rxd6 36. Rc1 Rd8 37. h3 Kg7 38. c5 bxc5 39. Rxc5 Rd1+ 40. Kh2 Rb1 41. Bd7 Rb2 42. Kg1 Rb1+ 43. Kg2 Rb4 44. Rc7 Kf6 45. Rc6+ Ke7 46. Rxg6 Kxd7 47. Rxh6 Rxa4 48. Ra6 Ke7 49. h4 Kf7 50. h5 Kg7 51. Rg6+ Kh7 52. Rf6 Ra2 53. Kf1 a4 54. b6 Rb2 55. Rxf5 Rxb6 56. Ra5 Rb4 57. Ra6 Rb1+ 58. Ke2 Ra1 59. Ke3 Ra2 60. g4 a3 61. g5 Ra1 62. Kxe4 a2 63. Ra7+ Kg8 64. Kf4 Rh1 65. Rxa2 Rxh5 66. Ra7 Rh4+ 67. Kf5 Rh2 68. f4 Rb2 69. Rd7 Rf2 70. Kg6 1-0

[Event "BCF-chT4S 1819 (4NCL)"]
[Site "England"]
[Date "2019.01.12"]
[Round "3.52"]
[White "Froom, Oliver"]
[Black "Martin, Nick"]
[Result "0-1"]
[WhiteElo "1939"]
[BlackElo "1802"]
[PlyCount "102"]
[EventDate "2018.11.17"]
[EventType "team-swiss"]
[EventRounds "11"]
[EventCountry "ENG"]
[SourceTitle "EXT 2021"]
[Source "ChessBase"]
[SourceDate "2020.10.23"]
[SourceVersion "1"]
[SourceVersionDate "2020.10.23"]
[SourceQuality "1"]
[WhiteTeam "The Pitstop"]
[BlackTeam "Banbury Bulldogs"]
[WhiteTeamCountry "ENG"]
[BlackTeamCountry "ENG"]

1. e4 e6 2. d4 d5 3. e5 c5 4. c3 Qb6 5. Nf3 Nc6 6. a3 Nge7 7. b4 cxd4 8. cxd4 Nf5 9. Bb2 Be7 10. Bd3 0-0 11. 0-0 Bd7 12. Kh1 g6 13. Bxf5 exf5 14. Nc3 Be6 15. Bc1 Kh8 16. Bh6 Rg8 17. h4 Qd8 18. Ng5 Rc8 19. Ne2 Qd7 20. Nf4 Bf8 21. Bxf8 Rcxf8 22. g3 h6 23. Nf3 Kh7 24. Rc1 Rc8 25. Qd2 a6 26. Rc5 b6 27. Rc3 Na7 28. Rfc1 Rxc3 29. Rxc3 Nb5 30. Re3 Rc8 31. a4 Na7 32. Rc3 Qxa4 33. Rxc8 Nxc8 34. Qc3 Qd7 35. Ne1 Na7 36. Qe3 Qb5 37. Nfd3 Nc6 38. Nc2 Qc4 39. Qd2 Nxd4 40. Ne3 Qc6 41. Ng2 Nf3 42. Qd1 d4 43. Ndf4 Bd5 44. e6 fxe6 45. Nxd5 Qxd5 46. Nf4 Qc6 47. Kg2 Nxh4+ 48. Kh3 Nf3 49. Nxe6 Qxe6 50. Qxf3 Qe4 51. Qd1 Qg4+ 0-1

[Event "BCF-chT4S 1718 (4NCL)"]
[Site "England"]
[Date "2018.01.14"]
[Round "4.12"]
[White "Froom, Oliver"]
[Black "Kenning, Paul H"]
[Result "1-0"]
[WhiteElo "1945"]
[BlackElo "1855"]
[PlyCount "112"]
[EventDate "2017.11.11"]
[EventType "team-swiss"]
[EventRounds "11"]
[EventCountry "ENG"]
[SourceTitle "EXT 2020"]
[Source "ChessBase"]
[SourceDate "2019.10.17"]
[SourceVersion "1"]
[SourceVersionDate "2019.10.17"]
[SourceQuality "1"]
[WhiteTeam "The Pitstop"]
[BlackTeam "Iceni II"]
[WhiteTeamCountry "ENG"]
[BlackTeamCountry "ENG"]

1. e4 d6 2. d4 Nf6 3. Nc3 Nbd7 4. Nf3 e5 5. Bc4 Be7 6. 0-0 c6 7. a4 a5 8. Qe2 Qc7 9. Ba2 h6 10. Rd1 Nf8 11. Qc4 Ne6 12. d5 cxd5 13. exd5 Qxc4 14. Bxc4 Nc7 15. Nxe5 dxe5 16. d6 Bxd6 17. Rxd6 0-0 18. Rb6 Nd7 19. Rg6 Kh7 20. Rd6 Nc5 21. Be3 N7a6 22. Rad1 Be6 23. Bxe6 Nxe6 24. R1d5 Nb4 25. Rxe5 Nxc2 26. Bb6 Nb4 27. Rxa5 Rxa5 28. Bxa5 Nc6 29. Bb6 Ne5 30. Rd5 Nc4 31. Rb5 Rc8 32. g3 Nxb2 33. Rxb2 Rxc3 34. Rd2 Rc4 35. a5 Nc5 36. Rd5 Na4 37. Rd7 Nxb6 38. axb6 Rc6 39. Rxb7 Kg6 40. Rb8 Re6 41. Kg2 Kf6 42. Kf3 h5 43. h3 Kg6 44. b7 Re7 45. Kf4 Kf6 46. h4 Kg6 47. f3 Kf6 48. g4 Kg6 49. g5 Rc7 50. Ke5 Rd7 51. f4 f5 52. gxf6 gxf6+ 53. Ke6 Rg7 54. f5+ Kh7 55. Kxf6 Rxb7 56. Rxb7+ Kh6 1-0

[Event "BCF-chT3 1415 (4NCL)"]
[Site "England"]
[Date "2015.05.02"]
[Round "9.40"]
[White "Froom, Oliver"]
[Black "Mirza, Diana"]
[Result "1/2-1/2"]
[WhiteElo "1998"]
[BlackElo "1832"]
[PlyCount "52"]
[EventDate "2015.03.21"]
[EventType "team-swiss"]
[EventRounds "11"]
[EventCountry "ENG"]
[SourceTitle "EXT 2016"]
[Source "ChessBase"]
[SourceDate "2015.10.08"]
[SourceVersion "1"]
[SourceVersionDate "2015.10.08"]
[SourceQuality "1"]
[WhiteTeam "The Pitstop"]
[BlackTeam "Midland Monarchs II"]
[WhiteTeamCountry "ENG"]
[BlackTeamCountry "ENG"]

1. e4 c5 2. Nc3 e6 3. g3 Nc6 4. Bg2 g6 5. d3 Bg7 6. Be3 d6 7. Qd2 Nd4 8. Nd1 e5 9. c3 Ne6 10. Nh3 Ne7 11. 0-0 0-0 12. Bh6 f5 13. Bxg7 Kxg7 14. f4 Rb8 15. Ne3 b5 16. Nd5 Bb7 17. Rae1 Nc6 18. Kh1 a5 19. Ng1 b4 20. Nf3 exf4 21. exf5 Nc7 22. Nxf4 Rxf5 23. d4 Kg8 24. Qe3 Qe8 25. dxc5 dxc5 26. Qxe8+ Rxe8 1/2-1/2

[Event "BCF-chT3S 1415 (4NCL)"]
[Site "England"]
[Date "2014.11.16"]
[Round "2.236"]
[White "Froom, Oliver"]
[Black "Smith, Patrick L"]
[Result "1/2-1/2"]
[WhiteElo "1998"]
[BlackElo "1820"]
[PlyCount "124"]
[EventDate "2014.11.15"]
[EventType "team-swiss"]
[EventRounds "6"]
[EventCountry "ENG"]
[SourceTitle "CBM 163 Extra"]
[Source "ChessBase"]
[SourceDate "2014.12.23"]
[SourceVersion "1"]
[SourceVersionDate "2014.12.23"]
[SourceQuality "1"]
[WhiteTeam "The Pitstop"]
[BlackTeam "KJCA Knights"]
[WhiteTeamCountry "ENG"]
[BlackTeamCountry "ENG"]

1. e4 d6 2. d3 e5 3. f4 Nc6 4. Nf3 exf4 5. Bxf4 f5 6. Nc3 Nf6 7. Qd2 a6 8. 0-0-0 fxe4 9. dxe4 Be6 10. Ng5 Bg8 11. Nd5 Be7 12. Re1 h6 13. Nf3 Qd7 14. Nxe7 Nxe7 15. e5 dxe5 16. Bxe5 0-0-0 17. Bxf6 gxf6 18. Qxd7+ Rxd7 19. Bd3 Bd5 20. Rhf1 Kb8 21. Nh4 Rf8 22. g3 Nc6 23. Rf4 Rdd8 24. a3 Ne5 25. Be4 b5 26. Bxd5 Rxd5 27. Rxe5 Rxe5 28. Ng6 Ree8 29. Nxf8 Rxf8 30. Kd2 Kb7 31. Ke3 Kc6 32. Ke4 Re8+ 33. Kf3 Re6 34. c4 bxc4 35. Rxc4+ Kd6 36. Rh4 f5 37. Rf4 Rf6 38. Ke3 Ke5 39. Rc4 Kd6 40. b4 c6 41. Rc5 Re6+ 42. Kf4 Re4+ 43. Kxf5 Re2 44. h4 Re3 45. Ra5 Rxg3 46. Rxa6 Kd5 47. Kf4 Rh3 48. Kg4 Rb3 49. Kh5 Rh3 50. Ra5+ Ke6 51. Kg4 Rb3 52. Ra6 Kd5 53. h5 Kd6 54. Ra5 Ke6 55. Kf4 Rh3 56. Ke4 Rh4+ 57. Kf3 Kd6 58. Kg3 Re4 59. Kf3 Rh4 60. Kg3 Re4 61. Rf5 Ke6 62. Rc5 Kd6 1/2-1/2

[Event "BCF-chT3S 1415 (4NCL)"]
[Site "England"]
[Date "2014.11.15"]
[Round "1.156"]
[White "Froom, Oliver"]
[Black "Peat, Matthew"]
[Result "1-0"]
[WhiteElo "1998"]
[BlackElo "2024"]
[PlyCount "148"]
[EventDate "2014.11.15"]
[EventType "team-swiss"]
[EventRounds "6"]
[EventCountry "ENG"]
[SourceTitle "CBM 163 Extra"]
[Source "ChessBase"]
[SourceDate "2014.12.23"]
[SourceVersion "1"]
[SourceVersionDate "2014.12.23"]
[SourceQuality "1"]
[WhiteTeam "The Pitstop"]
[BlackTeam "e2e4.org.uk III"]
[WhiteTeamCountry "ENG"]
[BlackTeamCountry "ENG"]

1. e4 e5 2. Nf3 Nc6 3. Bb5 a6 4. Ba4 Nf6 5. d3 d6 6. c3 Be7 7. 0-0 0-0 8. Nbd2 b5 9. Bc2 d5 10. Qe2 Be6 11. Rd1 Bc5 12. exd5 Nxd5 13. Ne4 Bb6 14. Nfg5 Bf5 15. Qf3 Bg6 16. h4 h5 17. Bb3 Nde7 18. Ng3 Na5 19. Bc2 Qd5 20. Qe2 c5 21. Nxh5 f6 22. Nh3 Nf5 23. Qg4 Qf7 24. Ng3 Nxg3 25. Qxg3 c4 26. Be3 Bc7 27. Qf3 Rad8 28. Qe2 Bh5 29. f3 Bg6 30. d4 Bxc2 31. Qxc2 Qh5 32. Qf2 Nc6 33. d5 Ne7 34. Bc5 Bd6 35. Bb6 Rb8 36. Rd2 Rfc8 37. Kf1 Ng6 38. g3 Qf5 39. Kg2 e4 40. Be3 Ne5 41. f4 Nd3 42. Qe2 Qxd5 43. Kg1 Re8 44. Nf2 Qc6 45. Qh5 Rbc8 46. Ng4 Re7 47. Qg6 Bc5 48. Kh2 Qb6 49. Re2 Bxe3 50. Nxe3 Qb7 51. Nf5 Re6 52. Nd4 Ree8 53. h5 Qf7 54. Nf5 Qxg6 55. hxg6 Rcd8 56. Rf1 Rd5 57. g4 Nc5 58. Nd4 Nd3 59. Kg3 a5 60. Nf5 Nc5 61. Nd4 Kf8 62. Rh1 Ke7 63. Rh7 Rg8 64. Nxb5 Rd3+ 65. Kg2 Rf3 66. Rxe4+ Nxe4 67. Kxf3 Nc5 68. Nd4 a4 69. Nf5+ Ke6 70. Ne3 Nd3 71. Nxc4 Rc8 72. Nb6 Rb8 73. Nxa4 Rc8 74. Rxg7 Nxb2 1-0